| 000 | 00350nam a2200157Ia 4500 | ||
|---|---|---|---|
| 001 | 18490 | ||
| 003 | IN-NITTTR | ||
| 005 | 20251114233215.0 | ||
| 008 | 251113s9999||||xx |||||||||||||| ||eng|| | ||
| 040 | _beng | ||
| 040 | _cIN-NITTTR | ||
| 041 | _aeng | ||
| 082 | _a305.42 W842 | ||
| 245 | 0 |
_aWomen in Indian society : _b a reader / |
|
| 942 |
_2ddc _cBK |
||
| 999 |
_c21124 _d21124 |
||